00194nam a22000857a 4500082001800000100001900018245003500037260002700072300000900099 a621.381 SHA'I aSHAW, DENNIS F aAN INTRODUCTION TO ELECTRONICS aLONDONbLONGMANSc1962 a338P